| 000 | 00375nam a2200157Ia 4500 | ||
|---|---|---|---|
| 008 | 210210b1970 xxu||||| |||| 00| 0 eng d | ||
| 020 | _a07 094144 0 | ||
| 082 | _a531 KIBC | ||
| 100 | _aKIBBLE (T W B). | ||
| 245 | _aClassical mechanics. | ||
| 260 |
_aLondon _bE L B S _c1970 |
||
| 300 | _axv,296 | ||
| 650 | _aClassical Mechanics | ||
| 690 | _aMechanics | ||
| 906 | _a039402 | ||
| 999 |
_c89679 _d89679 |
||